=LDR 00000nam 2200000 4500 =001 INLIS000000000016898 =005 20130612112125 =008 ***********************************Ind** =035 ##$$0010-061300000016898 =041 ##$$a Ind =082 ##$$a 912 =090 ##$$a 912, Ish p =100 ##$$a Ishmah, A.T =245 ##$$a Peta buta dunia, Berlatih mengenal beberapa negara lewat peta buta, AF Isharah =260 ##$$a 2004 $b Bandung =300 ##$$a 64 hlm, ilus, 25 cm =650 ##$$a Peta =850 ##$$a NBPNMAT